Theoratilcal experimental Study of influence of Conformal Fuel tanks on F-7P A/C (Record no. 326382)

000 -LEADER
fixed length control field 00376 a2200133 4500
001 - CONTROL NUMBER
control field 91309
082 ## - DEWEY DECIMAL CLASSIFICATION NUMBER
Classification number PR 1206
090 ## - LOCALLY ASSIGNED LC-TYPE CALL NUMBER (OCLC); LOCAL CALL NUMBER (RLIN)
-- 43416
-- 43415
100 ## - MAIN ENTRY--PERSONAL NAME
Personal name Muhammad Ali jafri;
245 ## - TITLE STATEMENT
Title Theoratilcal experimental Study of influence of Conformal Fuel tanks on F-7P A/C
Number of part/section of a work 43 "A" EC
260 ## - PUBLICATION, DISTRIBUTION, ETC.
Place of publication, distribution, etc. Karachi
Name of publisher, distributor, etc. NED University
Date of publication, distribution, etc. 1995
300 ## - PHYSICAL DESCRIPTION
Extent 127p
500 ## - GENERAL NOTE
General note BE Project Repots
942 ## - ADDED ENTRY ELEMENTS (KOHA)
Institution code [OBSOLETE] CAE NUST
Call number prefix PR 1206
Holdings
Withdrawn status Lost status Damaged status Not for loan Collection code Permanent Location Current Location Date acquired Total Checkouts Full call number Barcode Date last seen Price effective from Koha item type
          College of Aeronautical Engineering (CAE) College of Aeronautical Engineering (CAE) 04/03/2017   PR 1206 CAEPR-1206 04/05/2017 04/05/2017 Book
© 2023 Central Library, National University of Sciences and Technology. All Rights Reserved.